000
00389nam a22001697a 4500
003
MPLRDC
005
20220104123757.0
008
210129b ||||| |||| 00| 0 eng d
082
_a
363 WAT
100
_a
JAMES D.WATSON著; 童亦畅译
245
_a
双螺旋链
_c
250
_a
初版
260
_a
_b
今日世界社
_c
1970
300
_b
平
650
_a
942
_c
BK
_o
363 WAT
999
_c
14115
_d
14105